[Event "Challenge"]
[Site "http://www.queenalice.com/game.php?id=780362"]
[Date "2010.5.25"]
[Round "-"]
[White "montelo"]
[Black "Mont"]
[Result "1-0"]
[WhiteElo "2128"]
[BlackElo "1021"]

1. e4 d5 2. c3 Qd7 3. Na3 Nc6 4. Bb5 Nf6 5. e5 Ne4 6. Qf3 f5 7. exf6 exf6 8. Qe3
Be7 9. d4 a6 10. Bxc6 Qxc6 11. Nc2 b6 12. Nb4 Qe6 13. Ne2 a5 14. Nf4 axb4 15.
Nxe6 bxc3 16. Nxc7+ Kd8 17. Nxa8 b5 18. bxc3 Bb7 19. Nb6 Kc7 20. Qf4+ Kxb6 21.
O-O Bd6 22. Qg4 g5 23. a4 bxa4 24. Bb2 Rf8 25. Qd7 Ra8 26. Rxa4 Rh8 27. f3 Nd2
28. Qxd6+ Bc6 29. Qb4+ Kc7 30. Ra7+ Kc8 31. Qe7 Nc4 32. Qc7# 1-0

[Event "Challenge"]
[Site "http://www.queenalice.com/game.php?id=783273"]
[Date "2010.5.31"]
[Round "-"]
[White "Mont"]
[Black "eugenia"]
[Result "0-1"]
[WhiteElo "1104"]
[BlackElo "1056"]

1. Nf3 d5 2. d4 Nc6 3. c3 Bf5 4. Nbd2 Nf6 5. Nh4 Bg4 6. f3 Bh5 7. g4 Bg6 8. e3
e5 9. dxe5 Nxe5 10. g5 Nh5 11. b4 Qxg5 12. Ng2 Bd6 13. f4 Nd3+ 14. Ke2 Qg4+ 15.
Nf3 Be4 16. Qa4+ c6 17. Nh4 O-O 18. h3 Ng3+ 19. Kd2 Nxf1+ 20. Rxf1 Qxh3 21. Rd1
Nxc1 22. b5 Bxf3 23. Rdxc1 Qxh4 24. a3 Qf2+ 25. Kd3 Qe2+ 26. Kd4 c5# 0-1

[Event "Challenge"]
[Site "http://www.queenalice.com/game.php?id=784504"]
[Date "2010.6.2"]
[Round "-"]
[White "Mont"]
[Black "buahhmc"]
[Result "0-1"]
[WhiteElo "1104"]
[BlackElo "1554"]

1. Nf3 d5 2. d4 Nc6 3. Qd3 Nb4 4. Qb3 a5 5. e3 Qd6 6. c3 a4 7. Qa3 Nc2+ 8. Kd1
Nxa3 9. bxa3 Ra5 10. Nbd2 Bg4 11. Rb1 b5 12. Ke1 c5 13. Nh4 cxd4 14. cxd4 e5 15.
f3 Bh5 16. g4 Be7 17. Nf5 Qf6 18. Rb2 Bxa3 19. Kd1 Bxb2 20. Bxb2 Ne7 21. Ng3 Bg6
22. h4 Qc6 23. Ne2 Qc2+ 24. Ke1 Qxb2 25. h5 Bc2 26. g5 Nf5 27. Bh3 Nxe3 28. Kf2
Nd1+ 29. Kg3 Bd3 30. Nf1 Qxe2 31. Kg4 Ne3+ 32. Kg3 Nxf1+ 33. Kg4 Be4 34. a3
Qxf3+ 35. Kh4 Qg3# 0-1

[Event "Challenge"]
[Site "http://www.queenalice.com/game.php?id=785696"]
[Date "2010.6.4"]
[Round "-"]
[White "Mont"]
[Black "Vanessahermosa"]
[Result "1-0"]
[WhiteElo "1095"]
[BlackElo "1391"]

1. d4 e6 2. c4 Na6 3. Nc3 Nh6 4. Nf3 Nb4 5. a3 Nc6 6. h4 Ng4 7. Ne4 Na5 8. g3
Nxc4 9. Bh3 f5 10. Qd3 Nb6 11. b4 Na4 12. Neg5 h6 13. Ne4 d5 14. Ned2 Bd7 15.
Nb3 Nb6 16. Nfd2 Bd6 17. Na5 Rb8 18. f3 Nf6 19. Ndb3 Bxg3+ 20. Kd2 a6 21. Nc5
Bb5 22. Qe3 Nc4+ 23. Kc2 Nxe3+ 24. Bxe3 Bxe2 25. Rag1 Bxf3 26. Rxg3 Bxh1 27.
Rxg7 b6 28. Nc6 Qc8 29. Re7+ Kf8 30. Nxe6+ Qxe6 31. Rxe6 Ra8 32. Rxf6+ Kg7 33.
Rxf5 Be4+ 34. Kc3 Bxf5 35. Bxf5 Rhe8 36. Bf4 Re2 37. Bg4 Re1 38. a4 Rae8 39. a5
b5 40. Ne5 Re4 41. Nd3 c6 42. Bd7 R8e7 43. Bxc6 Re2 44. Bxd5 h5 45. Bc6 Ra2 46.
Bb7 Ree2 47. Bxa6 Rec2+ 48. Kb3 Rg2 49. Bxb5 Ra1 50. Kc4 Rc2+ 51. Kd5 Rc8 52.
Bd7 Rd8 53. Kd6 Ra3 54. Nc5 Rf3 55. Be5+ Kg6 56. b5 Kf7 57. b6 Ra3 58. a6 Ra5
59. a7 Kg6 60. Nb7 Rxa7 61. Nxd8 Ra6 62. Be8+ Kh6 63. Kc6 Ra3 64. b7 Ra6+ 65.
Kc7 Ra7 66. Kc8 Rxb7 67. Kxb7 Kh7 68. d5 Kh6 69. d6 Kh7 70. d7 Kg8 71. Ne6 Kh7
72. d8=Q Kh6 73. Qg5+ Kh7 74. Nf8# 1-0

[Event "Challenge"]
[Site "http://www.queenalice.com/game.php?id=785851"]
[Date "2010.6.5"]
[Round "-"]
[White "montelo"]
[Black "Mont"]
[Result "1-0"]
[WhiteElo "2129"]
[BlackElo "1020"]

1. e4 d6 2. Nf3 Nf6 3. c3 Nxe4 4. Qa4+ Nc6 5. Qxe4 e5 6. Ba6 bxa6 7. Qxc6+ Bd7
8. Qxa6 e4 9. Nd4 Be7 10. Qe2 c5 11. Nb3 f5 12. d3 d5 13. d4 c4 14. N3d2 a5 15.
b3 cxb3 16. Nxb3 h6 17. Na3 g6 18. Bb2 a4 19. Nc5 Bc8 20. Qb5+ Kf8 21. Qc6 Ra6
22. Nxa6 f4 23. Qxg6 Bh4 24. c4 dxc4 25. Nxc4 Qe7 26. g3 Rg8 27. Qxh6+ Ke8 28.
Qc6+ Qd7 29. Qh6 Be7 30. Ne5 Qf5 31. O-O Bd7 32. Nxd7 Kxd7 33. Rfc1 Qb5 34. Qh3+
Kd6 35. Qh6+ Kd5 36. Qh5+ Rg5 37. Qh6 Qxb2 38. Rd1 fxg3 39. hxg3 Bd8 40. Rdb1
Qd2 41. Rb5+ 1-0

[Event "Challenge"]
[Site "http://www.queenalice.com/game.php?id=787508"]
[Date "2010.6.9"]
[Round "-"]
[White "yeye2"]
[Black "Mont"]
[Result "1-0"]
[WhiteElo "1175"]
[BlackElo "1149"]

1. e4 d6 2. Nf3 Nf6 3. Bc4 Nxe4 4. d3 Nf6 5. Ng5 e6 6. O-O Nbd7 7. Qe2 d5 8. Bb3
h6 9. Nh3 g6 10. Nf4 g5 11. Nh5 Ng8 12. Nc3 Ngf6 13. Re1 g4 14. Ng3 a5 15. Nb5
Qe7 16. Nxc7+ Kd8 17. Nxa8 b6 18. Qe3 Ne4 19. dxe4 dxe4 20. Qxe4 f5 21. Qc4 Bb7
22. Qc7+ Ke8 23. Qxb7 Nc5 24. Qc8+ Qd8 25. Nc7+ Ke7 26. Rxe6+ Nxe6 27. Nxf5+ Kf6
28. Qxe6# 1-0

[Event "Challenge"]
[Site "http://www.queenalice.com/game.php?id=788149"]
[Date "2010.6.10"]
[Round "-"]
[White "rsanjabi"]
[Black "Mont"]
[Result "1-0"]
[WhiteElo "1067"]
[BlackElo "1119"]

1. d4 d5 2. Qd3 Nc6 3. e4 dxe4 4. Qe3 Nf6 5. c4 b6 6. Nc3 Bf5 7. d5 Nb4 8. Qd2
Ng4 9. f3 Nd3+ 10. Bxd3 exd3 11. fxg4 Bg6 12. Nb5 Rc8 13. Nxa7 e5 14. Nf3 e4 15.
Nxc8 Qxc8 16. Ne5 f6 17. Nc6 Qxg4 18. O-O Qh4 19. Rf4 Bc5+ 20. Kf1 e3 21. Rxh4
exd2 22. Bxd2 Kd7 23. Nd4 h5 24. Re1 Ra8 25. a3 f5 26. Bg5 Bd6 27. Rh3 f4 28. g3
f3 29. g4 Ra4 30. Rxf3 d2 31. Bxd2 hxg4 32. Rfe3 Rxc4 33. Nb5 Bxh2 34. Re7+ Kc8
35. Rxg7 Bd3+ 36. Kg2 g3 37. Re8+ Kb7 38. Nd6+ Ka7 39. Nxc4 Bxc4 40. Rxc7+ Ka6
41. Rxc4 b5 42. Rc6+ 1-0

[Event "Challenge"]
[Site "http://www.queenalice.com/game.php?id=789676"]
[Date "2010.6.14"]
[Round "-"]
[White "Mont"]
[Black "menzo"]
[Result "1-0"]
[WhiteElo "1131"]
[BlackElo "949"]

1. Nc3 c5 2. e4 e6 3. Nge2 d5 4. e5 f6 5. exf6 gxf6 6. d3 Ne7 7. Nb5 Nf5 8. Nec3
a6 9. Na3 Bd7 10. g4 Nd4 11. Be3 Nbc6 12. b3 Nb4 13. Ne2 Ndxc2+ 14. Nxc2 Rc8 15.
a3 Nxc2+ 16. Qxc2 b6 17. f4 b5 18. h4 c4 19. bxc4 bxc4 20. dxc4 dxc4 21. Rb1 Rg8
22. Bb6 Qe7 23. a4 f5 24. gxf5 exf5 25. Kf2 Rg6 26. Nc3 Rb8 27. Nd5 Qe6 28. Nc7+
Kd8 29. Nxe6+ Kc8 30. Nxf8 Rg7 31. Qxc4+ Kb7 32. Bg2+ Bc6 33. Bxc6+ Kc8 34. Qd4
Rxb6 35. Rxb6 Re7 36. Re1 Rg7 37. Rd1 a5 38. Qxg7 h6 39. Qd7# 1-0

[Event "Challenge"]
[Site "http://www.queenalice.com/game.php?id=789677"]
[Date "2010.6.14"]
[Round "-"]
[White "Mont"]
[Black "markgrim83"]
[Result "0-1"]
[WhiteElo "1056"]
[BlackElo "961"]

1. d4 e6 2. Bf4 Nf6 3. Nh3 b6 4. Nc3 Ba6 5. Qd2 Bd6 6. Be3 O-O 7. O-O-O c6 8. f4
b5 9. Ne4 Nd5 10. Nxd6 Qe7 11. Ne4 Qd8 12. g3 b4 13. g4 Qa5 14. Nhg5 Qxa2 15. c4
Bxc4 16. Qc2 b3 17. Qxc4 a5 18. Bf2 a4 19. Kd2 a3 20. Qc5 Qxb2+ 21. Ke1 Ra4 22.
Nd6 a2 23. Qc1 Qc2 24. Qa1 b2 25. Qxb2 Qxb2 26. Nf3 a1=Q 27. Nd2 Qac1 28. N6e4
Ra1 29. Be3 Qxd1+ 30. Kf2 Qa3 31. h4 Qxe3+ 32. Kg2 Qexd2 33. Nxd2 Qxd2 34. g5
Qxf4 35. Rh3 Ne3+ 0-1

[Event "Challenge"]
[Site "http://www.queenalice.com/game.php?id=791317"]
[Date "2010.6.17"]
[Round "-"]
[White "buahhmc"]
[Black "Mont"]
[Result "1-0"]
[WhiteElo "1554"]
[BlackElo "1141"]

1. d4 d5 2. Nf3 Bf5 3. Ne5 Qd6 4. Nxf7 Kxf7 5. Qd2 Nf6 6. Qg5 e6 7. e3 Nc6 8.
Be2 Nb4 9. Bh5+ Nxh5 10. Qxh5+ g6 11. Qe2 Qc6 12. Na3 Nxc2+ 13. Nxc2 Bxc2 14.
O-O Be4 15. f3 Bf5 16. e4 dxe4 17. fxe4 Qa6 18. Qe3 Ke7 19. exf5 Rd8 20. Qg5+
Kd7 21. Qf6 Qd6 22. Qxh8 h5 23. fxg6 Qd5 24. Rxf8 Rxf8 25. Qxf8 Qxd4+ 26. Qf2
Qd1+ 27. Qf1 Qd4+ 28. Kh1 h4 29. Bh6 Qe4 30. g7 h3 31. g8=Q hxg2+ 32. Qfxg2 Qe5
33. Q2g7+ Kd6 34. Rd1+ Qd5+ 35. Qg2 Qxd1+ 36. Qg1 Qd5+ 37. Q8g2 b5 38. b4 e5 39.
Bf8+ Kc6 40. Qc1+ 1-0

[Event "Challenge"]
[Site "http://www.queenalice.com/game.php?id=793897"]
[Date "2010.6.23"]
[Round "-"]
[White "Vanessahermosa"]
[Black "Mont"]
[Result "1-0"]
[WhiteElo "1375"]
[BlackElo "1082"]

1. e4 Nf6 2. Qf3 d6 3. Bc4 Nc6 4. c3 Be6 5. Bd3 Ne5 6. Qe2 c5 7. Na3 a5 8. Nb5
Rc8 9. Nf3 g6 10. Nxe5 dxe5 11. O-O Bg4 12. Qe1 Qxd3 13. f3 Bh5 14. Na3 Bh6 15.
Rf2 b5 16. h3 c4 17. Qe2 Qd6 18. Nxb5 Qc5 19. a4 Rd8 20. g4 Bxg4 21. hxg4 Bg5
22. Kf1 h5 23. Rh2 h4 24. Rh3 Bf4 25. Qf2 Qc6 26. Na7 Qd6 27. Nb5 Qd3+ 28. Kg1
g5 29. Qc5 Qe2 30. Nc7+ Kd7 31. Qa7 Qe1+ 32. Kg2 Qe2+ 33. Qf2 Qd3 34. Nb5 Ne8
35. Ra3 Nd6 36. Na7 Nc8 37. Nb5 Rh6 38. Qf1 Qc2 39. Ra1 f6 40. Qxc4 e6 41. Qc7+
1-0

[Event "Challenge"]
[Site "http://www.queenalice.com/game.php?id=793901"]
[Date "2010.6.23"]
[Round "-"]
[White "Mont"]
[Black "swampthing"]
[Result "0-1"]
[WhiteElo "1141"]
[BlackElo "1010"]

1. d4 Nc6 2. Nc3 e5 3. e4 exd4 4. Nd5 Nf6 5. Bc4 Nxe4 6. Ne2 Na5 7. Bd3 c6 8.
Ndf4 Bb4+ 9. c3 Bc5 10. Bxe4 d5 11. b4 Bb6 12. Nh5 Qh4 13. Nxg7+ Kf8 14. g3 Qxe4
15. Rg1 d3 16. f3 Qc4 17. Nh5 c5 18. Bh6+ Ke7 19. Qc1 dxe2 20. Qe3+ Be6 21. Rg2
d4 22. Qg5+ f6 23. Nxf6 Qxc3+ 24. Kxe2 Qxa1 25. Bg7 Qxa2+ 26. Qd2 d3+ 27. Kxd3
c4+ 28. Kc3 Qb3# 0-1

[Event "Challenge"]
[Site "http://www.queenalice.com/game.php?id=796466"]
[Date "2010.6.29"]
[Round "-"]
[White "Mont"]
[Black "yeye2"]
[Result "0-1"]
[WhiteElo "1018"]
[BlackElo "1330"]

1. Nc3 d5 2. d4 g6 3. Nf3 Bg7 4. e3 Qd6 5. Ng5 h6 6. f4 Nf6 7. Nf3 Qe6 8. Ne5
Nfd7 9. Bb5 g5 10. Qf3 f6 11. Ng6 Rg8 12. Nxd5 Qd6 13. Qe4 Qb4+ 14. c3 Qxb5 15.
Ndxe7 Kf7 16. Nxc8 f5 17. Qe7+ Kxg6 18. a4 Qd5 19. g3 Qxh1+ 20. Ke2 Qxh2+ 21.
Kf3 g4# 0-1